El torno del relojero (Record no. 52729)

MARC details
000 -LEADER
campo de control de longitud fija 00613nam a2200169 i 4500
001 - NÚMERO DE CONTROL
campo de control 52729
003 - IDENTIFICADOR DE NÚMERO DE CONTROL
campo de control ES-MaACL
007 - CAMPO FIJO DE DESCRIPCIÓN FÍSICA--INFORMACIÓN GENERAL
campo de control de longitud fija t|
008 - DATOS DE LONGITUD FIJA--INFORMACIÓN GENERAL
campo de control de longitud fija 030903s1953 sp ||||1| spa d
100 1# - ENTRADA PRINCIPAL--NOMBRE DE PERSONA
Nombre de persona Carle, Donald de.
9 (RLIN) 35256
245 13 - MENCIÓN DEL TÍTULO
Título El torno del relojero
Resto del título : (tornería mecánica de precisión) /
Mención de responsabilidad, etc. Donald de Carle ; traducción direta del original inglés por Federico Armenter de Monasterio.
250 ## - MENCION DE EDICION
Mención de edición 1ª ed.
260 ## - PUBLICACIÓN, DISTRIBUCIÓN, ETC.
Lugar de publicación, distribución, etc. Barcelona :
Nombre del editor, distribuidor, etc. José Montesó,
Fecha de publicación, distribución, etc. 1953 (
Fabricante Clarasó)
300 ## - DESCRIPCIÓN FÍSICA
Extensión VI, 232 :
Otras características físicas il. ;
Dimensiones 22 cm.
700 1# - ENTRADA AGREGADA--NOMBRE PERSONAL
Nombre de persona Armentes de Monasterio, Federico.
9 (RLIN) 22960
852 ## - LOCALIZACIÓN
Ubicación ES-MaACL
Número de control de estantería C-6419
Sublocalización o colección R.34940
Holdings
Estatus retirado Estado de pérdida Estado de daño No para préstamo Biblioteca de origen Biblioteca actual Ubicación en estantería Fecha de adquisición Fuente de adquisición Total de préstamos Signatura topográfica completa Código de barras Visto por última vez Precio de reemplazo Tipo de ítem Koha
        Biblioteca del Ateneo de Madrid Biblioteca del Ateneo de Madrid Sala Palomar 17/01/2008     C-6419 1055418 23/02/2023 23/02/2023 Libro impreso